书目信息 |
| 题名: |
韩国语听力教程
|
|
| 作者: | 尹敬爱 , 权赫哲 编著 | |
| 分册: | 初级 | |
| 出版信息: | 大连 大连理工大学出版社 2005.08 |
|
| 页数: | 207页 | |
| 开本: | 26cm | |
| 丛书名: | 韩国语系列教材 | |
| 单 册: | ||
| 中图分类: | H559.4 | |
| 科图分类: | ||
| 主题词: | 朝鲜语--chao xian yu--听说教学--高等学校--教材 | |
| 电子资源: | ||
| ISBN: | 7-5611-2934-3 | |
| 000 | 01082nam 2200277 450 | |
| 001 | 012008389516 | |
| 005 | 20080606081113.35 | |
| 010 | @a7-5611-2934-3@dCNY31.00 (含磁带) | |
| 100 | @a20080605d2005 em y0chiy0120 ea | |
| 101 | 0 | @achi@akor |
| 102 | @aCN@b210000 | |
| 105 | @aak z 000yy | |
| 106 | @ar | |
| 200 | 1 | @a韩国语听力教程@Ahan guo yu ting li jiao cheng@h初级@h上@f尹敬爱, 权赫哲编著@Fyin jing ai,quan he zhe bian zhu |
| 210 | @a大连@c大连理工大学出版社@d2005.08 | |
| 215 | @a207页@c图@d26cm@e磁带5盘 | |
| 225 | 2 | @a韩国语系列教材@Ahan guo yu xi lie jiao cai |
| 300 | @a大连外国语学院教材建设基金项目 | |
| 330 | @a本书针对韩国语专业低年级学生和韩国语初学者而编写,由发音篇、正文篇、参考答案、正文篇录音资料四大部分构成,其中正文篇又包括:准备部分、范文练习、实战练习、巩固提高练习。 | |
| 410 | 0 | @12001 @a韩国语系列教材 |
| 606 | 0 | @a朝鲜语@Achao xian yu@x听说教学@x高等学校@j教材 |
| 690 | @aH559.4@v4 | |
| 701 | 0 | @a尹敬爱@Ayin jing ai@4编著 |
| 701 | 0 | @a权赫哲@Aquan he zhe@4编著 |
| 801 | 0 | @aCN@bQSSK@c20080606 |
| 905 | @b724582-84@dH559.4@eY596:1@f3 | |
| 韩国语听力教程.初级.上/尹敬爱, 权赫哲编著.-大连:大连理工大学出版社,2005.08 |
| 207页:图;26cm+磁带5盘.-(韩国语系列教材) |
| 大连外国语学院教材建设基金项目 |
| ISBN 7-5611-2934-3:CNY31.00 (含磁带) |
| 本书针对韩国语专业低年级学生和韩国语初学者而编写,由发音篇、正文篇、参考答案、正文篇录音资料四大部分构成,其中正文篇又包括:准备部分、范文练习、实战练习、巩固提高练习。 |
| ● |
| 相关链接 |
|
|
|
正题名:韩国语听力教程
索取号:H559.4/Y596:1
 
预约/预借
| 序号 | 登录号 | 条形码 | 馆藏地/架位号 | 状态 | 备注 |
| 1 | 724582 | 207245827 | 语言库209/209语言库 138排1列2层/ [索取号:H559.4/Y596:1] | 在馆 | |
| 2 | 724583 | 207245836 | 语言库209/209语言库 138排1列2层/ [索取号:H559.4/Y596:1] | 在馆 | |
| 3 | 724584 | 207245845 | 语言库209/209语言库 138排1列2层/ [索取号:H559.4/Y596:1] | 在馆 |